LEADER 00904nam a2200205 i 4500 001 000000257042 003 CaOOAMICUS 005 20241203145747.0 008 180126s1824 it u000 u ita u 013 $a235950 026 $anii- iae- c.si cudi (7) 1824 (R) 040 $aSeMil$bita 245 10$aVol. 2. 300 $a528 p. 500 $aContiene: Della prima deca delle Istorie romane libro quinto-decimo. 773 0 $aLivius, Titus <59 a.C.-17.d.C.>$tStoria romana di Tito Livio recata in italiano da Jacopo Nardi, aggiunti i supplimenti del Freinshemio, nuovamente tradotti da Francesco Ambrosoli. Volume 1.[-7.].$dMilano : Per Nicolò Bettoni, 1824-1825.$kBiblioteca storica di tutte le nazioni$g2$w()4925 850 $aSeMil 852 $aSeMil$W1$xVenegono$y1$m3U II 55 FA$j207388$B207388$CSeMilBibl$Z2$F220873 $8I 996 $6245$aVol. 2$9(OLS)http://semarc/title/13458 LEADER 01370nam a2200301 i 4500 001 000000067079 003 CaOOAMICUS 005 20041005000000.0 008 041005s1994 it u000 u ita u 013 $a38251 020 $a88-86187-12-2 040 $aSeMil$bita 100 1 $aBertoldi Lenoci, Liana.$0(OLS)http://semarc/name/33608 245 13$aLa pia memoria :$bil culto dei defunti nell'iconografia di piccolo formato /$cLiana Bertoldi Lenoci [e] Vincenza Musardo Talò. 260 $aManduria (TA) :$bBarbieri,$ccopyr. 1994. 300 $a177 p. :$briccamente ill. ;$c22x24 cm. 490 0 $aCataloghi ;$v4 500 $aContiene : Bibliografia. - Dono di Mons. Antonio Rimoldi. 650 4$aImmagini sacre.$0(OLS)http://semarc/subject/6118 650 4$aMorte.$0(OLS)http://semarc/subject/6140 700 1 $aMusardo Talò, Vincenza.$0(OLS)http://semarc/name/33609 830 0$aCataloghi ;$v4.$0(OLS)http://semarc/title/11587 850 $aSeMil 852 $aSeMil$W1$xVenegono$y1$m5H XVI 119$j33232$B33232$CSeMilBibl$Z2$F33235 $81 961 $aOmaggio: Rimoldi mons. Antonio 996 $6020$a88-86187-12-2$9(OLS)http://semarc/number/44893 996 $6245$aLa pia memoria :$bil culto dei defunti nell'iconografia di piccolo formato$9(OLS)http://semarc/title/106840 996 $6260$aManduria (TA) :$bBarbieri$9(OLS)http://semarc/publisher/31131